000 00379nam a2200145Ia 4500
008 100415s9999 xx 000 0 und d
082 _b12887
_a574.1915
100 _aLawrence Christopher W
245 _aCellular radiobiology
260 _aLONDON
_c1971
_bEDWARD ARNOLD
365 _b0
630 _aCellular radiobiology
730 _aCellular radiobiology
942 _cBOOK
999 _c595804
_d595801